00542naa a2200145 i 45000010005000000030009000050050017000140080039000310400016000701000162000862450071002487730049003199420013003689990015003819550KOSZ 00520180403151803.0180403s2003 pl | | |000 ||pol cKOSZ 005/HR1 aKATZER, Jacek.d1999 - 2012.bPolitechnika Koszalińska - Wydział Budownictwa i Inżynierii Środowiska,cKatedra Budownictwa i Materiałów Budowlanych aWłókna stalowe stosowane do modyfikacji betonu /cJacek Katzer.0 iW :tPolski Cement. -g2003, nr 3, s. 46-47. cART2UKD c9550d9550